| 000 | 01177nam a2200265Ia 4500 | ||
|---|---|---|---|
| 999 |
_c36839 _d36839 |
||
| 001 | 2786 | ||
| 003 | GE_BSU | ||
| 005 | 20190507104026.0 | ||
| 008 | 181216s2003|||| |||||||||||||| ||geo|| | ||
| 020 | _a9992897627 | ||
| 040 | _cGE_BSU | ||
| 041 | _ageo | ||
| 080 | _a338.48(075.8) მ-59 | ||
| 100 |
_aმეტრეველი, მარინა _9828 |
||
| 245 |
_aტურიზმი:დამხმ. სახელმძღვ. ტურიზმის ფაკ. სტუდ. / _c მარინა მეტრეველი ; რედ : თეიმურაზ კანდელაკი |
||
| 264 |
_aთბილისი .: _bუნივერსალი, _c2003. |
||
| 300 |
_a186გ . ; _c 20ს მ. |
||
| 504 | _aბიბლიოგრ.: 182გვ. | ||
| 541 | _h22ლ. 50 თ. | ||
| 653 | _aტურიზმი საქართველოში | ||
| 653 | _aტურიზმი | ||
| 700 |
_aკანდელაკი, თეიმურაზ _eრედაქტორი _9829 |
||
| 710 |
_eთბილ. კულტურისა და ხელოვნების სახ. უნ-ტი. _9830 |
||
| 942 |
_cBK _2udc |
||